000 01165cpcaa2200289 a 4500
001 mm 79001783
003 DLC
005 20260227111638.0
008 791120|||||||||||| eng
010 _amm 79001783
040 _aDLC
_cDLC
_edacs
_dDLC
072 7 _aC
_2lcmd
100 1 _aSmith, Thomas,
_d1648-1694.
245 0 0 _aThomas Smith commission,
_f1693-1928.
300 _a1
_fitem.
506 0 _aOpen to research.
520 8 _aTrue copy of Smith's commission as governor of Carolina, bearing the seal of the colony, with notes (1928) on its provenance on verso.
546 _aCollection material in English.
580 _aForms part of: Miscellaneous Manuscripts collection.
651 0 _aGreat Britain
_xColonies
_zAmerica.
651 0 _aNorth Carolina
_xHistory
_yColonial period, ca. 1600-1775.
651 0 _aSouth Carolina
_xHistory
_yColonial period, ca. 1600-1775.
656 7 _aGovernors
_zSouth Carolina.
_2itoamc
656 7 _aGovernors
_zNorth Carolina.
_2itoamc
999 _c40935
_d40935